| 000 | 01133nam a2200217 i 4500 | ||
|---|---|---|---|
| 001 | 187485 | ||
| 003 | ES-MaACL | ||
| 005 | 20250730063159.0 | ||
| 008 | 170823s1799 sp |||| | spa d | ||
| 100 | 1 |
_aTorres Villarroel, Diego de, _d1693-1770 _9111026 |
|
| 245 | 1 | 0 |
_aVida, ascendencia, nacimiento, crianza y aventuras del doctor D. Diego de Torres Villarroel ... / _cescrita por el mismo ... Diego de Torres Villarroel ; Tomo XV. |
| 260 |
_aMadrid : _ben la Imprenta de la Viuda de Ibarra, _c1799. |
||
| 300 |
_a[8], 316 p. ; _c15 cm. |
||
| 510 | 3 | _aAguilar Piñal. Bib. S.XVIII|cv. 8, 822 | |
| 530 | _aDisponible en formato digital. | ||
| 596 | _aMarca tipográfica en portada. | ||
| 598 | _aSegún Francisco Aguilar Piñal, la edición de la Viuda de Ibarra, 1794-1799, supone la segunda edición de las Obras completas de Diego de Torres Villarroel, en 15 tomos, que carecen de título genérico. | ||
| 852 |
_aES-MaACL _jR-2207-21 _z.- Enc. pasta española. Olim: C- 31414-28. |
||
| 856 |
_uhttp://bdh-rd.bne.es/viewer.vm?id=0000093753&page=1 _zBiblioteca Digital Hispánica |
||
| 999 |
_c187485 _d187485 |
||